| 000 | 01314nam a2200265Ia 4500 | ||
|---|---|---|---|
| 003 | GCL | ||
| 008 | 140319s9999 xx 000 0 ara d | ||
| 040 |
_aGCL / _cGCL |
||
| 082 | 0 | 4 |
_a953 _bن ج |
| 100 | 1 | _aنزار محمد قادر النعيمى | |
| 245 | 1 | 0 |
_aالجيش وتاثيراته فى سياسة الدولة الاسلامية منذ تاسيسها وحتى سقوط بغداد 1 - 656 هـ \ 622 - 1258 م / _cنزار محمد قادر النعيمى |
| 250 | _aالاولى | ||
| 260 |
_aالاردن : _bدار الكتاب الثقافى ، _c2005 |
||
| 300 |
_a324 ص ؛ _c24 سم |
||
| 650 | 0 | 4 | _aالتاريخ الاسلامى |
| 650 | 0 | 4 | _aالعالم العربى - تاريخ - العصر العباسى |
| 650 | 0 | 4 | _aالعالم العربى - تاريخ - عصر صدر الاسلام |
| 650 | 0 | 4 | _aالعالم العربى - تاريخ - العصر الاموى |
| 650 | 0 | 4 | _aالعالم العربى - تاريخ - العصر العباسى الاول |
| 650 | 0 | 4 | _aالعالم العربى - تاريخ - العصر العباسى الثانى |
| 650 | 0 | 4 | _aالعالم العربى - تاريخ - العصر العباسى الثالث |
| 650 | 0 | 4 | _aالجيش - العصر العباسى |
| 650 | 0 | 4 | _aالجيش - العصر الاموى |
| 942 |
_2ddc _cBK |
||
| 999 |
_c8423 _d8423 |
||